A tanárok vezetői kompetenciáinak vizsgálata és azok hatása a sikeres oktatási tevékenységre

Bibliográfiai részletek
Szerző: Nagy Erika
További közreműködők: Thuma Dr. Orsolya
Dokumentumtípus: Diplomadolgozat
Kulcsszavak:Az érzelmi kompetencia, mint a sikeres vezetés kulcsa
Személyiségfejlesztés
pedagóguskép
Online Access:http://dolgozattar.uni-bge.hu/11081

MARC

LEADER 00000nta a2200000 i 4500
001 dolg11081
005 20170909100041.0
008 170512suuuu hu om 000 hun d
040 |a BGE Dolgozattár Repozitórium  |b hun 
041 |a hu 
100 1 |a Nagy Erika 
245 1 2 |a A tanárok vezetői kompetenciáinak vizsgálata és azok hatása a sikeres oktatási tevékenységre  |c Nagy Erika  |h [elektronikus dokumentum] 
246 1 1 |a A tanárok vezetői kompetenciáinak vizsgálata és azok hatása a sikeres oktatási tevékenységre 
695 |a Az érzelmi kompetencia, mint a sikeres vezetés kulcsa 
695 |a Személyiségfejlesztés 
695 |a pedagóguskép 
700 1 |a Thuma Dr. Orsolya  |e ths 
856 4 0 |u http://dolgozattar.uni-bge.hu/11081/1/Nagy%20Erika%20szakdolgozat.pdf  |z Dokumentum-elérés